000 01101nam a2200289 i 4500
003 EG-GICUC
005 20260426100023.0
008 260426s1968 le ||||fr|||| 00| 0 ara d
040 _a EG-GICUC
_bara
_c EG-GICUC
_d EG-GICUC
_erda
082 0 4 _221
_a341.71
_bاس . د
092 0 4 _221
099 _aLaw1 11 341.71اس . د 1968
100 0 _a اسعد رزوق
_eمؤلف.
245 1 2 _aالدولة والدين فى إسرائيل /
_b
_cالدكتور اسعد رزوق.
264 1 _aبيروت :
_bمنظمة التحرير الفلسطينية - مركز الأبحاث،
_c1968.
300 _a152صفحة
_bإيضاحيات، صور، مثيليات ؛
_c18 سم
336 _2rda content
_atext
337 _2rda media
_aComputer
338 _2rda carrier
_aOnline Resource
504 _a. 240-220 ببليوجرافيا: صفحات.
546 _aالنص باللغة العربية
650 1 4 _aالدولة-الدين-سياسة دولية
_2
651 1 _2
856 4 0 _uhttps://fll.law.cu.edu.eg/fulltext/bks/B11-10076.pdf
905 _a50
942 _2ddc
_cBK
_e21
_n0
999 _c73423
_d73423